<?xml version="1.0" encoding="UTF-8"?><?xml-stylesheet type="text/xsl" href="static/style.xsl"?><OAI-PMH xmlns="http://www.openarchives.org/OAI/2.0/" xmlns:xsi="http://www.w3.org/2001/XMLSchema-instance" xsi:schemaLocation="http://www.openarchives.org/OAI/2.0/ http://www.openarchives.org/OAI/2.0/OAI-PMH.xsd"><responseDate>2026-04-27T12:21:14Z</responseDate><request verb="GetRecord" identifier="oai:uvadoc.uva.es:10324/6777" metadataPrefix="marc">https://uvadoc.uva.es/oai/request</request><GetRecord><record><header><identifier>oai:uvadoc.uva.es:10324/6777</identifier><datestamp>2021-06-29T10:12:57Z</datestamp><setSpec>com_10324_38</setSpec><setSpec>col_10324_852</setSpec></header><metadata><record xmlns="http://www.loc.gov/MARC21/slim" xmlns:doc="http://www.lyncode.com/xoai" xmlns:xsi="http://www.w3.org/2001/XMLSchema-instance" xmlns:dcterms="http://purl.org/dc/terms/" xsi:schemaLocation="http://www.loc.gov/MARC21/slim http://www.loc.gov/standards/marcxml/schema/MARC21slim.xsd">
<leader>00925njm 22002777a 4500</leader>
<datafield tag="042" ind1=" " ind2=" ">
<subfield code="a">dc</subfield>
</datafield>
<datafield tag="720" ind1=" " ind2=" ">
<subfield code="a">Díez Martín, Tania</subfield>
<subfield code="e">author</subfield>
</datafield>
<datafield tag="260" ind1=" " ind2=" ">
<subfield code="c">2014</subfield>
</datafield>
<datafield tag="520" ind1=" " ind2=" ">
<subfield code="a">El lenguaje es vital y de suma importancia en el desarrollo del niño, y por ello con este trabajo se pretende explicar la relevancia que tiene desde el primer ciclo de Educación Infantil. &#xd;
Este lenguaje es imprescindible para la socialización del niño y para entender el propio entorno que le rodea, y está influenciado por la familia, la sociedad y la escuela. &#xd;
Según va creciendo el niño, aumenta este lenguaje, no obstante, los mayores avances tienen lugar en la etapa de 0-3 años.&#xd;
No hay que olvidar que nos encontramos en las primeras etapas de la infancia y, por tanto, son los primeros pasos del niño hacia el habla.</subfield>
</datafield>
<datafield tag="024" ind2=" " ind1="8">
<subfield code="a">http://uvadoc.uva.es/handle/10324/6777</subfield>
</datafield>
<datafield ind1=" " ind2=" " tag="653">
<subfield code="a">Lenguaje y lenguas-Estudio y enseñanza (Educación Preescolar)</subfield>
</datafield>
<datafield tag="245" ind1="0" ind2="0">
<subfield code="a">La adquisición del lenguaje infantil en la etapa de 0-3 años</subfield>
</datafield>
</record></metadata></record></GetRecord></OAI-PMH>